| 000 | 00726cam a22002291 4500 | ||
|---|---|---|---|
| 001 | sa 66000502 | ||
| 003 | DLC | ||
| 005 | 20260227112215.0 | ||
| 008 | 900305s1965 ii 000 0 eng | ||
| 010 | _asa 66000502 | ||
| 035 | _a(OCoLC)21172343 | ||
| 040 |
_aDLC _cViU _dViU _dDLC |
||
| 042 | _apremarc | ||
| 050 | 0 | 0 |
_aKNS2790 _b.B437 1965 |
| 110 | 1 | _aIndia. | |
| 245 | 1 | 0 |
_aLaw and practice of wealth-tax, gift-tax, expenditure-tax, surtax : _b(corrected upto September 1965) / _cby Sukumar Bhatacharya. |
| 250 | _a[1st ed.] | ||
| 260 |
_aCalcutta, _bNababharat Publishers _c[1965] |
||
| 300 |
_aviii, 174 p. _c25 cm. |
||
| 650 | 0 |
_aTaxation _xLaw and legislation _zIndia. |
|
| 700 | 1 |
_aBhattacharya, Sukumar, _d1923-2005. |
|
| 999 |
_c67286 _d67286 |
||